| 000 | 01333nam a22002777a 4500 | ||
|---|---|---|---|
| 001 | EPSA 0263 | ||
| 003 | gtcocun | ||
| 005 | 20250919171137.0 | ||
| 006 | a||||gr|||| 00| 0 | ||
| 007 | ta | ||
| 008 | 250919b2023 gt ||||| m||| 00| 0 eng d | ||
| 040 |
_agtcocun _bSPA _cgtcocun _eRDA |
||
| 041 | _aSPA EPSA 0263 | ||
| 084 | _0EPSA 0263 | ||
| 100 |
_aPacay Tot, José Gerardo _eAutor |
||
| 245 |
_aINFORME FINAL DEL EJERCICIO PROFESIONAL SUPERVISADO REALIZADO EN DISTRIBUIDORA MILVIANA S.A. SANTA CRUZ VERAPAZ./ _cJosé Gerardo Pacay Tot. _hImpreso |
||
| 264 |
_aCobán, Alta Verapaz: _bUniversidad de San Carlos de Guatemala, Centro Universitario del Norte, Licenciatura en Administración de Empresas _c2023 |
||
| 300 |
_a53 p.: _bIlustraciones, gráficas. _c28 cm; |
||
| 502 | _eEPSA 0263 | ||
| 502 |
_aEjercicio Profesional Supervisado _bLicenciatura en Administración de Empresas, _cUniversidad de San Carlos de Guatemala, Centro Universitario del Norte, Licenciatura en Administración de Empresas _d2023 _oEPSA 0263 |
||
| 650 | 1 | 4 |
_2LEMB _aSanta Cruz Verapaz, Alta Verapaz. _xAdministración _xManual _xOrganización _xColaboradores _xDistribuidora |
| 700 | _eAsesor | ||
| 856 |
_uSin archivo en línea. _zSin archivo en línea. |
||
| 942 |
_2ddc _cTES _iEPSA 0263 _kClasificación _n0 _6EPSA_0263_000000000000000 |
||
| 999 |
_c1991 _d1991 |
||